| 000 | 01457nam a2200217 a 4500 | ||
|---|---|---|---|
| 003 | KPN | ||
| 005 | 20260428171930.0 | ||
| 008 | 20260428b 00| 0 my d | ||
| 020 |
_a9789674080211 _cRM17.00 _qpaperback |
||
| 040 | _cKPN | ||
| 082 | 0 | 4 |
_aBM FK NIP 2011 _223 |
| 090 | 0 | 0 |
_aBM FK NIP 2011 _bNIP |
| 100 | 0 | _aNippan | |
| 245 | 1 | 0 |
_aHuyan dan Mimpy / _cNippan ; [penterjemah: Iskandar Syah Ismail] |
| 260 |
_aBatu Caves, Selangor : _bPTS Litera Utama, _c2011 |
||
| 300 |
_axiv, 305ms. ; _c19 cm. |
||
| 521 | _aHuyan tidak mempunyai mimpi yang besar. Huyan hanya mahu memastikan dia dapat meneruskan tanggungjawab menyara keluarganya dan menyekolahkan dua orang adiknya, selepas sang ayah ditimpa kemalangan. Daripada bergelar pelajar sekolah, Huyan menjadi penjual aiskrim dan keperluan hidup yang mendesak saban hari, memaksa Huyan terjerumus ke kancah penyeludupan beras di sempadan Thailand-Malaysia. Kematian tragik rakannya yang tergelincir dari bumbung kereta api ketika menyeludup, menyebabkan Huyan mulai memikirkan masa depan dirinya dan keluarganya. Mimpy yang selalu setia berkongsi kisah dan harapan mencadangkan agar Huyan mengusahakan kebun bunga. Siapakah Mimpy dalam hidup Huyan? Adakah cadangan mengusahakan kebun bunga itu diterima oleh Huyan? Inilah kisah remaja cekal dan bertanggungjawab yang mengajarkan kita erti sebuah kehidupan. | ||
| 650 | 1 | 0 |
_aThai fiction _vTranslations into Malay |
| 700 | 0 | _aIskandar Syah Ismail | |
| 942 |
_2ddc _c1 _n0 |
||
| 999 |
_c1838 _d1838 |
||